| 000 | 00412nam a2200157 4500 | ||
|---|---|---|---|
| 001 | 14251 | ||
| 005 | 20230410101949.0 | ||
| 008 | 060907n1997 dr spa | ||
| 035 | _9funglode14373 | ||
| 041 | _aES | ||
| 050 | 1 | 4 | _a118 F 1938.58 C756c 1997 |
| 245 | 0 | _aMemorias del primer año de gobierno del PLD | |
| 260 |
_aSanto Domingo : _bAlfa y Omega, _c1997 |
||
| 300 | _a446 p. | ||
| 942 |
_2lcc _cbk |
||
| 999 |
_c16519 _d16519 |
||